MARC

LEADER 00000nam0a2200000 4500
001 276339
005 20231101234917.0
020 |a RU  |b 86-10397 
035 |a (RuTPU)RU\TPU\book\299598 
090 |a 276339 
100 |a 20141121d1986 k y0rusy5003 ca 
101 0 |a rus 
102 |a RU 
105 |a a z 001zy 
200 1 |a Использование радиочастотного спектра и радиопомехи  |f Е. И. Егоров, Н. И. Калашников, А. С. Михайлов 
210 |a Москва  |c Радио и связь  |d 1986 
215 |a 304 с.  |c ил. 
320 |a Библиогр.: с. 296-302 (159 назв.) 
606 1 |a Помехоустойчивость радиотехнических схем  |2 stltpush  |3 (RuTPU)RU\TPU\subj\50827  |9 69460 
610 1 |a радиосигналы 
610 1 |a радиопомехи 
610 1 |a радиоэлектронная аппаратура 
610 1 |a спектры 
610 1 |a планирование 
610 1 |a параметры 
610 1 |a технические основы 
675 |a 621.396.6:621.391.8  |z rus  |v 3 
700 1 |a Егоров  |b Е. И.  |g Евгений Иванович  |4 070 
702 1 |a Калашников  |b Н. И.  |g Николай Иванович  |4 070 
702 1 |a Михайлов  |b А. С.  |g Александр Семенович  |4 070 
801 0 |a RU  |b RuMRKP  |c 19950704  |g psbo 
801 1 |a RU  |b 63413507  |c 20141121 
801 2 |a RU  |b 63413507  |c 20170214  |g RCR 
942 |c BK